Normal view
MARC view
- البنوك - شركات التأمين - محاسبة
Entry Topical Term
001 - CONTROL NUMBER
- control field: 32395
003 - CONTROL NUMBER IDENTIFIER
- control field: JO-AjAnu
005 - DATE AND TIME OF LATEST TRANSACTION
- control field: 20230606075438.0
008 - FIXED-LENGTH DATA ELEMENTS
- fixed length control field: 230606|| aca||aabn | a|a d
040 ## - CATALOGING SOURCE
- Original cataloging agency: JO-AjAnu
- Transcribing agency: JO-AjAnu
150 ## - HEADING--TOPICAL TERM
- Topical term or geographic name entry element: البنوك - شركات التأمين - محاسبة
670 ## - SOURCE DATA FOUND
- Source citation: Work cat.: (JO-AjAnu)16640: تأليف: اسماعيل، مدحت محمد, author 32394, محاسبة البنوك التجارية وشركات التأمين